| 000 | 00423nam a2200169Ia 4500 | ||
|---|---|---|---|
| 008 | 131103s9999 xx 000 0 und d | ||
| 040 | _aLoreto College | ||
| 041 | _aEnglish | ||
| 082 |
_a823.8/BRO _bLCLIB |
||
| 100 | _aBronte,Charlotte | ||
| 245 |
_aVillette _cCharlotte Bronte |
||
| 260 |
_aLondon _bThomas Nelson |
||
| 300 |
_avi,570p _c 18cm |
||
| 650 | _aNovel-English | ||
| 850 | _aLCLIB/823.8/BRO | ||
| 942 | _cBK | ||
| 999 |
_c17126 _d67605 |
||